00655nam a2200217Ia 450000500170000000800410001702000180005808200130007610000140008924500740010326000660017730000130024365000130025665000130026965000110028265000120029365000130030594200060031895200980032499900150042220240930071359.0240331s9999 xx 000 0 und d a9789555078009 bSUMa808 aSumathy,S 0aLike myth and mother :ba political outobiography in poetry and prose aColombobDepartment of English university of Peradeniyac2008 a130 p ., aFeminist aPolitics aPoetry aHistory aLanguage cL 001040708LaWERCLbWERCLcSSCd2024-03-31l0o 808.81 SUMp6414r2024-03-31w2024-03-31yL c4419d4419